Reprezentacja Polski województwa - mecze - Statystyki

Ogólne statystyki
  • Ten quiz został rozwiązany 18 razy
    17 od ostatniego zresetowania
  • Średni wynik to 6 z 17
Statystyki odpowiedzi
Województwo Mecze Piłkarz % Poprawnych
Mazowieckie 165* Robert Lewandowski
100%
Śląskie 109 Jakub Błaszczykowski
69%
Zachodniopomorskie 101* Kamil Grosicki
69%
Dolnośląskie 107* Piotr Zieliński
63%
Lubelskie 96 Jacek Bąk
56%
Kujawsko-pomorskie 80 Zbigniew Boniek
56%
Zagranica 34/34* Ludovic Obraniak | Nicola Zalewski
38%
Wielkopolskie 73* Jan Bednarek
31%
Łódzkie 96 Jacek Krzynówek
31%
Małopolskie 70 Piotr Świerczewski
25%
Warmińsko-mazurskie 41 Adrian Mierzejewski
13%
Podkarpackie 44 Sławomir Peszko
13%
Lubuskie 65 Dariusz Dudka
6%
Świętokrzyskie 48 Kamil Kosowski
6%
Podlaskie 36 Tomasz Łapiński
6%
Pomorskie 97 Kazimierz Deyna
0%
Opolskie 62 Roman Wójcicki
0%
Nie znaleziono quizów pasujących do podanych kryteriów
Rozkład punktacji
Procent ludzi z każdym wynikiem
Percentyl według liczby udzielonych odpowiedzi
Twoja historia wyników
Nie rozwiązałeś tego quizu od ostatniego zresetowania